Composition borussia dortmund finale ligue des champions 2013 - Statistiques

Statistiques générales
  • Ce quiz a été pris 341 fois
  • Le résultat moyen est 7 sur 12
Statistiques - réponses
Hint Réponse % Correct
9 Lewandowski
93%
9 Reus
91%
15 Hummels
86%
Entraîneur Klopp
71%
8 Gündoğan
69%
1 (cap) Weidenfeller
55%
4 Subotić
49%
29 Schmelzer
47%
26 Piszczek
38%
16 Błaszczykowski
34%
6 Bender
27%
19 Großkreutz
19%
Aucun quiz correspondant
Distribution des résultats
% des personnes avec chaque résultat
Percentile par nombre de réponses
Votre historique - résultats
Vous n’avez pas pris ce quiz